000 03929nam a2200397 a 4500
003 CHAP
005 20250224092537.0
007 ta
008 250221s2006 mx abdefrm||| 001 0 spa d
040 _amxchpua
_cCHAP
041 0 _aspa
_beng
090 _aTesis
_bL676
_c2006
100 1 _aLópez Robles, Edwin
240 1 0 _aTechnical study of economic feasibility and mercadologica to establish a packing of handle (mangifera indica l.) In the municipality of Santo Domingo Zanatepec, Oaxaca.
_lEspañol
245 1 0 _aEstudio de Factibilidad Técnico Económica y mercadológica para establecer una empacadora de mango (Mangifera indica l.) en el municipio de Santo Domingo Zanatepec, Oaxaca. /
_cEdwin López Robles y Almadalia Velasco Hernández
264 _aChapingo, México :
_bEl autor,
_c2006
300 _aiv, 78 hojas :
_bilustraciones, tablas, gráficas, mapas, planos
336 _2rdacontent
_atexto
_btxt
337 _2rdamedia
_ano mediado
_bn
338 _2rdacarrier
_avolumen
_bnc
502 _aTesis
_b(Ingeniero Agroindustrial) --
_cUACh. Departamento de Ingeniería Agroindustrial,
_d2006
504 _aBibliografía: hojas 75-77
520 3 _aEl presente estudio fue realizado con la finalidad de evaluar la factibilidad técnico económica y mercadológica para establecer una empacadora de mango en el municipio de Santo Domingo Zanatepec, Oaxaca. El estudio se realizó analizando una serie de aspectos que influyen en la viabilidad del proyecto, estos fueron: Aspectos comerciales, sociales, técnicos, institucionales, orgánicos y administrativos, financieros, económicos y el impacto ambiental que tendría el establecimiento de la empresa. Los resultados del estudio, indican que, el proyecto es viable técnica económica y mercadológicamente. La tendencia de la producción de mango en el municipio mencionado tiende a aumentar en los próximos años, los principales indicadores VPN (7517.0414) y la TIR (43.0456%), nos dice que resulta mejor invertir en el proyecto que en cualquier institución financiera, una relación beneficio costo de 1.4768, esto es, por cada peso que invierte la sociedad, recupera el peso más 0.47 centavos. La inversión total para realizar el proyecto es de $ 3 528 720.00.
520 3 _aThe present study was realized by the purpose of evaluating the technical - economic feasibility and mercadologica to establish a packing of handle in the municipality of Santo Domingo Zanatepec, Oaxaca. The study was realized analyzing a series of aspects that influence the viability of proyect, these aspects were: commercial, social, technical, institutional, organic and administrative, financial, economic Aspects and the environmental impact that would have the establishment of the company. The results of the study, they indicate that, the project is viable technical - economic and mercadologicamente. The trend of the production of handle in the mentioned municipality tends to increase in the next years, the principal indicators VPN of (7517.0414) a TIR (43.0456), says to us that it turns out to be better to invest in the project that in any financial institution, a relation benefit cost of 1.4768, this is, for every peso that the society invests, the peso recovers more 0.47 cents. The total investment to realize the project is of $ 3 528 720.00.
650 1 3 _aMangos
_2atg
_xPlantas empacadoras
650 1 3 _aMangos
_2atg
_xIniciativa empresarial
_zMéxico
_zOaxaca
650 1 3 _aMangoes
_2atg
_xPacking houses
650 1 3 _aMangoes
_2atg
_xEntrepreneurship
_zMexico
_zOaxaca
700 1 _aVelasco Hernández, Almadalia
_eautora
700 1 _aPonce Hernández, Pedro
_edirector
700 1 _aSánchez Peña, José Víctor
_easesor
700 1 _aMejenes Quijano, Amilcar Renán
_easesor
856 4 1 _uhttp://10.13.5.2/tesis/104724.pdf
_yDESCARGAR PDF
901 _aTesis L676 2006
942 _2Clasificación Universidad Autónoma Chapingo
_cTesis
999 _c220477
_d220477